| 000 | 00446nam a2200193Ia 4500 | ||
|---|---|---|---|
| 005 | 20240823015235.0 | ||
| 008 | 240823s9999||||xx |||||||||||||| ||und|| | ||
| 041 | _aENGLISH | ||
| 082 | _A624.1 P5 | ||
| 100 | _aRamamrutham S | ||
| 245 | 0 | _aTheory of Structures | |
| 250 | _a7th | ||
| 260 |
_c2005 _bDhanpat Rai & _aDelhi |
||
| 500 | _aTRANSFERED | ||
| 650 |
_aStructure _bCivil |
||
| 700 | _a Narayan R | ||
| 942 | _cBK | ||
| 999 |
_c171959 _d171959 |
||